Correspondance
Saved in:
| Hovedforfatter: | |
|---|---|
| Format: | Bog |
| Sprog: | fransk |
| Udgivet: |
París
Presses Universitaires
1960
|
| Fag: | |
| Tags: |
Tilføj Tag
Ingen Tags, Vær først til at tagge denne postø!
|
MARC
| LEADER | 00000nam a2200000 a 4500 | ||
|---|---|---|---|
| 001 | UCZ3020 | ||
| 003 | CL-VaPUC | ||
| 008 | 951013e19600000FR |||||||||||||||||fre|d | ||
| 082 | 0 | 4 | |a 141 |b DES |2 21 |
| 100 | |a Descartes, René |e autor |9 265906 | ||
| 245 | 1 | 0 | |a Correspondance |
| 300 | |a v | ||
| 942 | |c BK | ||
| 945 | |d 19951013 00:00:00 |a cmena | ||
| 260 | |a París |b Presses Universitaires |c 1960 | ||
| 650 | 0 | |a Correspondencia |9 258963 | |
| 650 | 0 | |a Idealismo |9 265685 | |
| 650 | 0 | |a Filosofía francesa |9 255698 | |
| 583 | |a last modification |c 19951013 00:00:00 |k Rodrigo Vera | ||
| 999 | |c 239550 |d 239548 | ||
| 952 | |0 0 |1 0 |4 0 |6 141_000000000000000_DES_1960 |7 0 |8 P |9 250785 |a BIBEDU |b BIBEDU |c BIBEDU_PB |d 2019-11-18 |h v.7 |i 1582968 |o 141 DES 1960 |p 1582968 |r 2024-01-25 |w 2019-11-18 |y BK |k FIL | ||
| 952 | |0 0 |1 0 |4 0 |6 141_000000000000000_DES_1960 |7 0 |8 P |9 250786 |a BIBEDU |b BIBEDU |c BIBEDU_PB |d 2019-11-18 |h v.8 |i 1582976 |o 141 DES 1960 |p 1582976 |r 2024-01-25 |w 2019-11-18 |y BK |k FIL | ||